Statistics for Who am I: Football Managers by Club

Click here to take the quiz!

General Stats

  • This quiz has been taken 121 times
  • The average score is 16 of 25

Answer Stats

HintAnswer% Correct
Reggiana (1995)
Parma (1996)
Juventus (1999)
AC Milan (2001)
Chelsea (2009)
Paris Saint-Germain (2011)
Real Madrid (2013)
Bayern München (2016)
Napoli (2018)
Everton (2019)
Real Madrid (2021)
Carlo Ancelotti
94%
Barcelona B (2007)
Barcelona (2008)
Bayern München (2013)
Manchester City (2016)
Pep Guardiola
93%
Benfica (2000)
União de Leiria (2001)
Porto (2002)
Chelsea (2004)
Inter Milan (2008)
Real Madrid (2010)
Chelsea (2013)
Manchester United (2016)
Tottenham Hotspur (2019)
Roma (2021)
José Mourinho
89%
Arezzo (2006)
Arezzo (2007)
Bari (2007)
Atalanta (2009)
Siena (2010)
Juventus (2011)
Italy (2014)
Chelsea (2016)
Inter Milan (2019)
Tottenham Hotspur (2021)
Antonio Conte
88%
East Stirlingshire (1974)
St Mirren (1974)
Aberdeen (1978)
Scotland (1985)
Manchester United (1986)
Alex Ferguson
83%
Eintracht Frankfurt U13 (1987)
Mainz 05 (2001)
Borussia Dortmund (2008)
Liverpool (2015)
Jürgen Klopp
83%
Real Madrid U17 (1986)
Real Madrid Castilla (1993)
Valladolid (1995)
Osasuna (1996)
Extremadura (1997)
Tenerife (2000)
Valencia (2001)
Liverpool (2004)
Inter Milan (2010)
Chelsea (2012)
Napoli (2013)
Real Madrid (2015)
Newcastle United (2016)
Dalian Professional (2019)
Everton (2021)
Celta Vigo (2023)
Rafael Benítez
78%
Augsburg II (2007)
Mainz 05 (2009)
Borussia Dortmund (2015)
Paris Saint-Germain (2018)
Chelsea (2021)
Bayern München (2023)
Thomas Tuchel
78%
Ajax (1985)
Barcelona (1988)
Catalonia (2009)
Johan Cruyff
77%
Ajax (1991)
Barcelona (1997)
Netherlands (2000)
Netherlands U20 (2001)
Barcelona (2002)
AZ Alkmaar (2005)
Bayern München (2009)
Netherlands (2012)
Manchester United (2014)
Netherlands (2021)
Louis van Gaal
77%
Barcelona B (2008)
Roma (2011)
Celta Vigo (2013)
Barcelona (2014)
Spain (2018)
Spain (2019)
Paris Saint-Germain (2023)
Luis Enrique
74%
Halmstads BK (1976)
Bristol City (1982)
IK Oddevold (1982)
Örebro SK (1983)
Malmö FF (1985)
Neuchâtel Xamax (1990)
Switzerland (1992)
Inter Milan (1995)
Blackburn Rovers (1997)
Inter Milan (1999)
Grasshoppers (1999)
København (2000)
Udinese (2001)
United Arab Emirates (2002)
Viking (2004)
Finland (2006)
Fulham (2007)
Liverpool (2010)
West Bromwich Albion (2011)
England (2012)
England U21 (2013)
Crystal Palace (2017)
Watford (2022)
Crystal Palace (2023)
Roy Hodgson
73%
Nancy (1984)
Monaco (1987)
Nagoya Grampus Eight (1995)
Arsenal (1996)
Arsène Wenger
72%
Monaco (2001)
Juventus (2006)
Marseille (2009)
France (2012)
Didier Deschamps
72%
Real Madrid Castilla (2014)
Real Madrid (2016)
Real Madrid (2019)
Zinedine Zidane
71%
Vigor Lamezia (1986)
Puteolana (1987)
Puteolana (1988)
Cagliari (1988)
Napoli (1991)
Fiorentina (1993)
Valencia (1997)
Atlético Madrid (1999)
Chelsea (2000)
Valencia (2004)
Juventus (2007)
Parma (2007)
Roma (2009)
Inter Milan (2011)
Monaco (2012)
Greece (2014)
Leicester City (2015)
Nantes (2017)
Fulham (2018)
Roma (2019)
Sampdoria (2019)
Watford (2021)
Cagliari (2023)
Claudio Ranieri
68%
Aglianese (2003)
SPAL (2004)
Grosseto (2005)
Grosseto (2006)
Sassuolo (2007)
Cagliari (2008)
AC Milan (2010)
Juventus (2014)
Juventus (2021)
Massimiliano Allegri
67%
Blackburn Rovers (2008)
Blackpool (1994)
Bolton Wanderers (1999)
Limerick (1991)
Preston North End (1992)
Notts County (1997)
Newcastle United (2007)
West Ham United (2011)
Sunderland (2015)
England (2016)
Crystal Palace (2016)
Everton (2017)
West Bromwich Albion (2020)
Leeds (2023)
Sam Allardyce
57%
Fenerbahçe (1990)
Valencia (1991)
Valencia (1994)
Netherlands (1995)
PSV (1997)
Real Madrid (1998)
Real Betis (2000)
South Korea (2001)
PSV (2002)
Australia (2005)
Russia (2006)
Chelsea (2009)
Turkey (2010)
Anzhi Makhachkala (2012)
Netherlands (2014)
Chelsea (2015)
China U21 (2018)
Curaçao (2020)
Guus Hiddink
47%
Borussia Mönchengladbach (1979)
Bayern München (1987)
Athletic Club (1992)
Eintracht Frankfurt (1994)
Tenerife (1995)
Real Madrid (1997)
Benfica (1999)
Athletic Club (2001)
Schalke 04 (2003)
Borussia Mönchengladbach (2006)
Bayern München (2009)
Bayer Leverkusen (2009)
Bayern München (2011)
Bayern München (2017)
Jupp Heynckes
47%
Frauenfeld (1994)
Stuttgart (1996)
Fenerbahçe (1998)
Karlsruher (1999)
Adanaspor (2000)
Tirol Innsbruck (2001)
Austria Wien (2003)
Germany (2006)
Joachim Löw
46%
Bordeaux (2007)
France (2010)
Paris Saint-Germain (2013)
Al-Rayyan (2020)
Lyon (2022)
Laurent Blanc
43%
Reading (1998)
Reading (1999)
West Ham United (2003)
Charlton Athletic (2006)
Southampton (2009)
Newcastle United (2010)
Crystal Palace (2015)
West Bromwich Albion (2017)
ADO Den Haag (2019)
CSKA Sofia (2022)
Aris (2022)
Alan Pardew
33%
SC Zug (1983)
Aarau (1984)
Grasshoppers (1988)
Borussia Dortmund (1991)
Bayern München (1998)
Bayern München (2007)
Switzerland (2008)
Ottmar Hitzfeld
19%
Bayern München (1970)
Borussia Mönchengladbach (1975)
Borussia Dortmund (1979)
Barcelona (1981)
Bayern München (1983)
Köln (1991)
Schalke 04 (1992)
Borussia Dortmund (2000)
Udo Lattek
6%

Score Distribution

Percentile by Number Answered

Percent of People with Each Score

Your Score History

You have not taken this quiz